| 000 | 00584cam a22002291 4500 | ||
|---|---|---|---|
| 001 | sa 65005178 | ||
| 003 | DLC | ||
| 005 | 20260227112136.0 | ||
| 008 | 890627m19601963ii 000 0 malo | ||
| 010 | _asa 65005178 | ||
| 035 | _a(OCoLC)19931574 | ||
| 040 |
_aDLC _cWaU _dDLC |
||
| 042 | _apremarc | ||
| 043 | _aa-ii--- | ||
| 050 | 0 | 0 |
_aDS481.U3 _bA3 |
| 100 | 1 | _aUdayabhanu, Bharati. | |
| 245 | 1 | 0 | _aAṭukkaḷayilninnȧ Pārlimenr̲ileykkȧ. |
| 260 | _c[1960-1963] | ||
| 300 |
_a2 v. _c19 cm. |
||
| 500 | _aIn Malayalam. | ||
| 651 | 0 |
_aIndia _xPolitics and government _y1947- |
|
| 999 |
_c64165 _d64165 |
||